Culture Générale - Série 1625 - Statistiques

Statistiques générales
  • Ce quiz a été pris 103 fois
  • Le résultat moyen est 7 sur 10
Statistiques - réponses
Question Réponse % Correct
Comment s'appelle l'ensemble des poils qui garnit le cou des chevaux et des lions ? crinière
100%
Sur un clavier AZERTY, quelle lettre se trouve directement à droite du "T" ? Y
99%
En Jeux olympiques de Montréal, en 1976, quelle note sans précédent obtint la gymnaste Nadia Comaneci aux barres asymétriques ? 10
95%
Au restaurant, quelle information ne figure jamais sur une carte muette ? les prix
89%
Dans quel département se trouve la ville de Chambéry ? Savoie
76%
Quel pays s'empare de la Mandchourie, en 1931 ? Japon
65%
Quelle oeuvre des XIIe et XIIIe siècles met en scène les personnages d'Isengrin et de Chantecler ? Le Roman de Renart
47%
De 1982 à 1986, quel animateur, futur ministre de la Culture, a présenté l'émission sur le cinéma intitulée "Étoiles et Toiles" ? Frédéric Mitterrand
41%
Sous quel nom connaissait-on mieux la chanteuse Rose Podwojny ? Rose Laurens
30%
Quel théoricien politique français, auteur de "Qu'est-ce que la propriété ?" est une figure majeure de l'anarchisme ? Pierre Joseph Proudhon
16%
Aucun quiz correspondant
Distribution des résultats
% des personnes avec chaque résultat
Percentile par nombre de réponses
Votre historique - résultats
Vous n’avez pas pris ce quiz